Last countries alphabetically A-Z - Statistics

General Stats
  • This quiz has been taken 76 times
  • The average score is 17 of 24
Answer Stats
Hint Answer % Correct
Y Yemen
95%
O Oman
91%
Q Qatar
91%
Z Zimbabwe
91%
A Azerbaijan
89%
H Hungary
82%
U Uzbekistan
82%
K Kyrgyzstan
77%
J Jordan
75%
V Vietnam
73%
C Czechia
70%
M Myanmar
70%
F France
68%
R Rwanda
68%
E Ethiopia
66%
G Guyana
66%
I Italy
66%
P Portugal
64%
T Tuvalu
64%
B Burundi
61%
S Syria
61%
D Dominican Republic
57%
L Luxembourg
57%
N Norway
50%
No matching quizzes found
Score Distribution
Percent of People with Each Score
Percentile by Number Answered
Your Score History
You have not taken this quiz